[Event "AUTO-OPEN-1764"]
[Site "http://www.queenalice.com/game.php?id=683721"]
[Date "2009.11.15"]
[Round "1"]
[White "Kikof"]
[Black "SiColl007"]
[Result "0-1"]
[WhiteElo "1724"]
[BlackElo "1751"]

1. e4 c5 2. Nf3 d6 3. h3 g6 4. Bc4 Nf6 5. d3 Bg7 6. Bd2 O-O 7. Nc3 Nc6 8. Qc1
Nd4 9. Nxd4 cxd4 10. Ne2 d5 11. exd5 Nxd5 12. O-O Bf5 13. a3 Qd7 14. Kh2 Be5+
15. Ng3 h5 16. f4 Bg7 17. Nxf5 Qxf5 18. Qe1 Rad8 19. Bxd5 Rxd5 20. Qg3 e5 21.
Qh4 exf4 22. Rf3 Re8 23. c4 dxc3 24. bxc3 Rxd3 25. Rxd3 Qxd3 26. Be1 Bxc3 27.
Bxc3 Qxc3 28. Rf1 Qxa3 29. Rxf4 Qd6 30. Qf2 Re4 31. g3 Rxf4 32. gxf4 a6 33. Kg3
Qc7 34. Qe3 b5 35. Qe8+ Kg7 36. Qe4 g5 37. Qd4+ f6 38. Kf3 Qxf4+ 39. Qxf4 gxf4
40. Kxf4 Kg6 41. h4 a5 42. Ke3 Kf5 0-1

[Event "AUTO-OPEN-1764"]
[Site "http://www.queenalice.com/game.php?id=683722"]
[Date "2009.11.15"]
[Round "1"]
[White "SiColl007"]
[Black "pacou93"]
[Result "0-1"]
[WhiteElo "1797"]
[BlackElo "1816"]

1. d4 Nf6 2. c4 g6 3. Nc3 Bg7 4. e4 d6 5. Nf3 O-O 6. Bd3 c6 7. O-O Bg4 8. h3
Bxf3 9. Qxf3 e5 10. Ne2 exd4 11. Bg5 Re8 12. Nxd4 Nbd7 13. Qe3 Qa5 14. f4 d5 15.
e5 Nc5 16. Bc2 Nfe4 17. a3 Qd2 18. Rac1 Qxe3+ 0-1

[Event "AUTO-OPEN-1764"]
[Site "http://www.queenalice.com/game.php?id=683723"]
[Date "2009.11.15"]
[Round "1"]
[White "pacou93"]
[Black "SiColl007"]
[Result "1-0"]
[WhiteElo "1760"]
[BlackElo "1771"]

1. e4 c5 2. Nf3 d6 3. d4 cxd4 4. Nxd4 Nc6 5. Nc3 Nf6 6. Bg5 e6 7. Qd2 Bd7 8.
O-O-O g6 9. h4 Bg7 10. Bh6 O-O 11. f3 Qb6 12. Bxg7 Kxg7 13. Nb3 d5 14. exd5 exd5
15. Nxd5 Nxd5 16. Qxd5 Be6 17. Qb5 Qc7 18. Nc5 Bxa2 19. Qxb7 Qf4+ 20. Rd2 Rad8
21. Nd7 Nd4 22. Qxa7 Rfe8 23. Qxd4+ Qxd4 24. Rxd4 Re7 25. Bb5 Re2 26. Bxe2 Be6
27. Bb5 f5 28. Re1 1-0

[Event "AUTO-OPEN-1764"]
[Site "http://www.queenalice.com/game.php?id=683724"]
[Date "2009.11.15"]
[Round "1"]
[White "SiColl007"]
[Black "animis"]
[Result "0-1"]
[WhiteElo "1777"]
[BlackElo "2022"]

1. d4 e6 2. e4 Nf6 3. e5 Nd5 4. Nf3 c5 5. c4 Nb6 6. d5 exd5 7. cxd5 d6 8. Bb5+
Bd7 9. Bxd7+ N8xd7 10. Bg5 Be7 11. e6 fxe6 12. dxe6 Nf6 13. O-O O-O 14. Nc3 h6
15. Bh4 Qc8 16. Bxf6 Rxf6 17. Qd3 Rxe6 18. Nd5 Qc6 19. Nxe7+ Rxe7 20. Qg6 Rf8
21. Rad1 Rf6 22. Qg4 Re4 23. Qh5 Rfe6 24. b3 Nd7 25. Rfe1 Rxe1+ 26. Nxe1 Nf6 27.
Qf5 Re5 28. Qg6 Rg5 0-1

[Event "AUTO-OPEN-1764"]
[Site "http://www.queenalice.com/game.php?id=683725"]
[Date "2009.11.15"]
[Round "1"]
[White "animis"]
[Black "SiColl007"]
[Result "1/2-1/2"]
[WhiteElo "2019"]
[BlackElo "1755"]

1. e4 c5 2. Nf3 d6 3. d4 cxd4 4. Nxd4 Nc6 5. Nc3 g6 6. Bc4 Nf6 7. O-O Bg7 8. Nb3
O-O 9. Re1 Bg4 10. Be2 Ne5 11. f3 Bd7 12. Kh1 Qb6 13. Bf1 Qf2 14. Be3 Qh4 15.
Qe2 Nh5 16. Bf2 Qg5 17. Nd5 e6 18. Ne3 Nf4 19. Qd1 Rfd8 20. c3 d5 21. exd5 exd5
22. Nxd5 Bb5 23. Bg3 Bxf1 24. Nxf4 Rxd1 25. Raxd1 Bc4 26. Nh3 Qf5 27. Nd4 Qh5
28. Nf4 Qg5 29. b3 Ba6 30. Nh3 Qh5 31. Nf4 Qg5 1/2-1/2

[Event "AUTO-INT-1364"]
[Site "http://www.queenalice.com/game.php?id=683987"]
[Date "2009.11.16"]
[Round "3"]
[White "saturnin"]
[Black "SiColl007"]
[Result "0-1"]
[WhiteElo "1616"]
[BlackElo "1788"]

1. e4 c5 2. c4 d6 3. d3 g6 4. Nf3 Nf6 5. b3 Bg7 6. Nc3 Nc6 7. Be2 Nxe4 8. dxe4
Bxc3+ 9. Bd2 Bxa1 10. Qxa1 e5 11. O-O Bg4 12. a4 Bxf3 13. Bxf3 Qh4 14. g3 Qf6
15. Bg2 h5 16. Bc3 h4 17. gxh4 Qxh4 18. Qd1 Qxh2# 0-1

[Event "AUTO-INT-1364"]
[Site "http://www.queenalice.com/game.php?id=683988"]
[Date "2009.11.16"]
[Round "3"]
[White "SiColl007"]
[Black "saturnin"]
[Result "1-0"]
[WhiteElo "1782"]
[BlackElo "1633"]

1. d4 d5 2. c4 Nf6 3. cxd5 Qxd5 4. Nc3 Qd6 5. e4 Nfd7 6. e5 Qb4 7. Nf3 e6 8. Bd3
Be7 9. O-O Nc6 10. a3 Qa5 11. Bc2 O-O 12. Qd3 g6 13. Bh6 Rd8 14. Ng5 Ndxe5 15.
Qh3 Bxg5 16. Bxg5 Rxd4 17. Ne4 Qd5 18. Nf6+ Kg7 19. Qh6+ 1-0

[Event "AUTO-ADV-1549"]
[Site "http://www.queenalice.com/game.php?id=687168"]
[Date "2009.11.22"]
[Round "1"]
[White "FabianoSales"]
[Black "SiColl007"]
[Result "0-1"]
[WhiteElo "1840"]
[BlackElo "1798"]

1. d4 d5 2. c4 c6 3. Nc3 g6 4. Nf3 Nf6 5. Bg5 Bg7 6. e3 Bg4 7. Be2 O-O 8. O-O
Qd6 9. c5 Qd7 10. Ne5 Bxe2 11. Nxe2 Qe6 12. Nf4 Qf5 13. h3 Qxg5 14. Qf3 Nbd7 15.
Nxd7 Nxd7 16. Nd3 Rae8 17. Qd1 e5 18. dxe5 Nxe5 19. f4 Qg3 20. fxe5 Rxe5 21. Rf3
Qh4 22. Rf4 Qg3 23. Nxe5 Bxe5 24. Rf3 Qh2+ 25. Kf2 f5 26. Qh1 Qxh1 27. Rxh1 Rb8
28. b4 b6 29. cxb6 axb6 30. Rb1 h6 31. h4 Kf7 32. g4 Ke6 33. a4 Ra8 34. b5 c5
35. gxf5+ gxf5 36. Kg1 Rxa4 37. Rh3 f4 38. exf4 Bxf4 39. Re1+ Kd6 40. h5 Rb4 41.
Rh4 Be3+ 42. Kg2 Rxh4 43. Rxe3 Rxh5 44. Rf3 Re5 45. Rf6+ Re6 46. Rf8 c4 47. Rc8
Ke5 48. Kf3 Kd4 49. Rc6 Ke5 50. Rc7 Kd4 51. Kf4 c3 52. Rf7 Kc4 53. Rc7+ Kb4 54.
Kf5 Re4 55. Rc6 Rc4 56. Rxh6 c2 57. Rh1 c1=Q 58. Rxc1 Rxc1 0-1

[Event "AUTO-ADV-1549"]
[Site "http://www.queenalice.com/game.php?id=687169"]
[Date "2009.11.22"]
[Round "1"]
[White "SiColl007"]
[Black "FabianoSales"]
[Result "1-0"]
[WhiteElo "1774"]
[BlackElo "1872"]

1. d4 c6 2. e4 d5 3. e5 e6 4. Nf3 h6 5. Bd3 Ne7 6. O-O Nd7 7. Bf4 g5 8. Be3 b5
9. b3 Ba6 10. Qd2 Rc8 11. Na3 Rb8 12. c4 Nc8 13. c5 Qc7 14. h3 Qd8 15. Nh2 Bg7
16. f4 gxf4 17. Rxf4 Ne7 18. Raf1 Nf5 19. Bxf5 exf5 20. b4 f6 21. e6 Nf8 22.
Rxf5 Bc8 23. Ng4 Nh7 24. Nxh6 Bxe6 25. R5f3 Qd7 26. Nb1 Nf8 27. Nc3 Kd8 28. Nf5
Ng6 29. Nxg7 Qxg7 30. Rxf6 Bxh3 31. Bg5 Ne7 32. Rf7 Qg6 33. Qf4 Rb7 34. gxh3 Rh5
35. h4 a5 36. Qd6+ 1-0

[Event "AUTO-ADV-1549"]
[Site "http://www.queenalice.com/game.php?id=687184"]
[Date "2009.11.22"]
[Round "1"]
[White "SiColl007"]
[Black "zemorais"]
[Result "1-0"]
[WhiteElo "1766"]
[BlackElo "1895"]

1. d4 e6 2. c4 Nf6 3. Nc3 Bb4 4. Qc2 O-O 5. e4 Nc6 6. e5 Ne8 7. Nf3 Ne7 8. Bd3
Ng6 9. Bxg6 fxg6 10. Bg5 Nf6 11. exf6 gxf6 12. Bh6 Rf7 13. O-O b6 14. Nh4 Bb7
15. Nxg6 f5 16. Ne5 Rf6 17. Qd3 Rxh6 18. Qg3+ Kf8 19. Nb5 d6 20. Nf3 Rg6 21. Qf4
a6 22. Nc3 Bxc3 23. bxc3 Bxf3 24. Qxf3 Kf7 25. d5 e5 26. Qxf5+ Kg7 27. Rae1 Qg5
28. Qd7+ Kh6 29. g3 Rag8 30. Qxc7 Qd2 31. Qxb6 Qxa2 32. Ra1 Qxc4 33. Qc6 Qd3 34.
Rxa6 e4 35. Ra4 e3 36. Rh4+ Kg7 37. Qd7+ Kf6 38. Qxd6+ Kg7 39. Qe7+ Kh8 40.
Qxh7# 1-0

[Event "AUTO-ADV-1549"]
[Site "http://www.queenalice.com/game.php?id=687185"]
[Date "2009.11.22"]
[Round "1"]
[White "zemorais"]
[Black "SiColl007"]
[Result "1-0"]
[WhiteElo "1854"]
[BlackElo "1787"]

1. e4 c5 2. Nf3 g6 3. c3 Nc6 4. Bb5 Qb6 5. Bd3 Bg7 6. O-O d6 7. Na3 Bg4 8. Nc4
Qc7 9. h3 Be6 10. Be2 Nf6 11. Ng5 Bd7 12. d3 h6 13. Nf3 Qc8 14. Ne3 Bxh3 15.
gxh3 Qxh3 16. Nh2 Ne5 17. f4 Nc6 18. Rf3 Qd7 19. Bd2 O-O-O 20. Qb3 g5 21. f5
Rdf8 22. Rc1 h5 23. Nd5 g4 24. Nxf6 Bxf6 25. Rff1 e6 26. Bf4 exf5 27. exf5 Rhg8
28. Qd5 g3 29. Nf3 h4 30. Qxd6 Qxd6 31. Bxd6 Rd8 32. Bxc5 Ne5 33. Nxe5 Bxe5 34.
d4 Bc7 35. Bxa7 b6 36. Ba6+ Kd7 37. Rfe1 Ra8 38. Bb5+ Kd8 39. Bxb6 Bxb6 40. Bc4
Rg7 41. Re5 Kd7 42. f6 Rg6 43. Re7+ Kd6 44. Rxf7 Ra5 45. Rf1 h3 46. Rh7 h2+ 47.
Kg2 Bd8 48. f7 1-0

[Event "AUTO-ADV-1549"]
[Site "http://www.queenalice.com/game.php?id=687186"]
[Date "2009.11.22"]
[Round "1"]
[White "SiColl007"]
[Black "Guilherme_Ottoni"]
[Result "0-1"]
[WhiteElo "1784"]
[BlackElo "1999"]

1. d4 Nf6 2. c4 g6 3. Nc3 d5 4. cxd5 Nxd5 5. e4 Nxc3 6. bxc3 Bg7 7. Nf3 c5 8.
Bc4 O-O 9. O-O cxd4 10. cxd4 Nc6 11. e5 Bg4 12. h3 Bxf3 13. Qxf3 Qxd4 0-1

[Event "AUTO-ADV-1549"]
[Site "http://www.queenalice.com/game.php?id=687187"]
[Date "2009.11.22"]
[Round "1"]
[White "Guilherme_Ottoni"]
[Black "SiColl007"]
[Result "1-0"]
[WhiteElo "1991"]
[BlackElo "1792"]

1. d4 d5 2. c4 c6 3. Nf3 Bg4 4. Ne5 Be6 5. e3 Nd7 6. Nxd7 Qxd7 7. cxd5 Bxd5 8.
Nc3 Be6 9. Bd3 Nf6 10. O-O g6 11. b3 Bg7 12. Bb2 Rd8 13. Rc1 c5 14. Bb5 1-0

[Event "Challenge"]
[Site "http://www.queenalice.com/game.php?id=718473"]
[Date "2010.1.22"]
[Round "-"]
[White "SiColl007"]
[Black "jamsession"]
[Result "1-0"]
[WhiteElo "1737"]
[BlackElo "1696"]

1. d4 d5 2. c4 dxc4 3. e4 e6 4. Bxc4 c6 5. Nf3 Be7 6. O-O Nf6 7. Nc3 O-O 8. e5
Nd5 9. Ne4 b6 10. Nfg5 h6 11. Nh3 f5 12. exf6 Nxf6 13. Qd3 Nd5 14. Nf4 Nxf4 15.
Bxf4 Rxf4 16. Ng3 Bf6 17. Qg6 Qe7 18. Nh5 Rxd4 19. b3 Rd8 20. Rfe1 b5 21. Bxe6+
Bxe6 22. Re2 Qf7 23. Nxf6+ Qxf6 24. Qxf6 gxf6 25. Rxe6 Kf7 26. Rae1 Rd7 27. g4
a5 28. h4 Raa7 29. Kg2 c5 30. Rb6 b4 31. Rxb8 Re7 32. Rd1 a4 33. Rc8 axb3 34.
axb3 Rac7 35. Rh8 Red7 36. Rb1 Kg7 37. Rb8 Rb7 38. Rc8 Rbc7 39. Ra8 Ra7 40. Rxa7
Rxa7 41. Rc1 Rc7 42. Kf3 Kg6 43. Ke4 Kf7 44. Kd5 1-0

[Event "Challenge"]
[Site "http://www.queenalice.com/game.php?id=719472"]
[Date "2010.1.24"]
[Round "-"]
[White "SiColl007"]
[Black "Balneolais"]
[Result "1-0"]
[WhiteElo "1796"]
[BlackElo "993"]

1. d4 d5 2. c4 e6 3. cxd5 exd5 4. Nf3 Nf6 5. Nc3 c6 6. Bg5 Be7 7. e3 Bg4 8. h3
Bxf3 9. Qxf3 Nbd7 10. Bd3 O-O 11. O-O-O Re8 12. h4 Kh8 13. h5 Ne4 14. Bxe7 Rxe7
15. Bxe4 dxe4 16. Nxe4 Qe8 17. Nd6 Qf8 18. h6 Nf6 19. Nf5 g6 20. Nxe7 1-0

[Event "AUTO-OPEN-1879"]
[Site "http://www.queenalice.com/game.php?id=731325"]
[Date "2010.2.13"]
[Round "1"]
[White "pancas"]
[Black "SiColl007"]
[Result "1-0"]
[WhiteElo "1823"]
[BlackElo "1750"]

1. e4 c5 2. Nf3 d6 3. d4 cxd4 4. Nxd4 g6 5. Bb5+ Nd7 6. b3 Bg7 7. Bb2 Nf6 8. O-O
Nxe4 9. Ne6 fxe6 10. Bxg7 Rg8 11. Bb2 Kf7 12. Qf3+ Nef6 13. Nc3 e5 14. Nd5 Rf8
15. Bc4 Kg7 16. h4 Nxd5 17. Qxd5 Nf6 18. Qd2 Qb6 19. Qg5 Qc7 20. Bc1 Bg4 21. f3
d5 22. fxg4 dxc4 23. h5 Qc5+ 24. Be3 Qb5 25. Qh6+ Kf7 26. g5 Ke6 27. gxf6 exf6
28. hxg6 hxg6 29. Qh3+ f5 30. Qh6 Rg8 31. a4 Qb4 32. Qh4 Qc3 33. Qxc4+ Qxc4 34.
bxc4 a6 35. Rab1 Rg7 36. Rb6+ Kd7 37. Rxb7+ 1-0

[Event "AUTO-OPEN-1879"]
[Site "http://www.queenalice.com/game.php?id=731326"]
[Date "2010.2.13"]
[Round "1"]
[White "SiColl007"]
[Black "pancas"]
[Result "1-0"]
[WhiteElo "1768"]
[BlackElo "1789"]

1. d4 d5 2. c4 e6 3. cxd5 exd5 4. Nf3 Nc6 5. Nc3 Bb4 6. a3 Bxc3+ 7. bxc3 Nf6 8.
e3 Bg4 9. a4 Ne4 10. Bb2 O-O 11. Bb5 Ng5 12. Be2 Nxf3+ 13. Bxf3 Bxf3 14. Qxf3
Na5 15. O-O Nc4 16. Bc1 a5 17. Re1 c6 18. e4 Re8 19. e5 Re6 20. Qg4 Rg6 21. Qh5
b5 22. f4 Rh6 23. Qg4 Qh4 24. Qxh4 Rxh4 25. axb5 cxb5 26. g3 Rg4 27. Kg2 h5 28.
h3 Rg6 29. f5 Rc6 30. Kf3 a4 31. Bg5 Na5 32. Re3 Nc4 33. Rd3 a3 34. Kf4 Nb2 35.
Re3 a2 36. Re2 Nc4 37. Rexa2 Rxa2 38. Rxa2 Rb6 39. f6 g6 40. g4 hxg4 41. Kxg4 b4
42. cxb4 Rxb4 43. Bh6 Rb8 44. Ra6 Re8 45. Ra7 Kh7 46. Bg7 Ne3+ 47. Kg5 Rg8 48.
Rxf7 Nc2 49. Bf8+ Kh8 50. Kh6 Rxf8 51. Rxf8# 1-0

[Event "AUTO-OPEN-1879"]
[Site "http://www.queenalice.com/game.php?id=731349"]
[Date "2010.2.13"]
[Round "1"]
[White "sandromm"]
[Black "SiColl007"]
[Result "1-0"]
[WhiteElo "1720"]
[BlackElo "1798"]

1. e4 c5 2. Nf3 g6 3. Bc4 d6 4. O-O Nc6 5. d3 Nf6 6. h3 Bg7 7. Bg5 O-O 8. c3 a6
9. d4 b5 10. Bd3 c4 11. Bc2 Bd7 12. d5 Qb6 13. Nd4 Nxd4 14. cxd4 Rfe8 15. e5
Nxd5 16. Nc3 Nxc3 17. bxc3 dxe5 18. dxe5 Bxe5 19. Qxd7 h5 20. Be4 Rad8 21. Be3
Bxc3 22. Bxb6 Rxd7 23. Bc6 Bxa1 24. Bxd7 Rb8 25. Be3 Bf6 26. Rd1 Rb7 27. Bc6 Rc7
28. Be4 c3 29. Bf4 e5 30. Be3 Rc4 31. Bb7 a5 32. Rd6 Bg7 33. Bd5 Ra4 34. Rb6 Rb4
35. Bc5 c2 36. Be3 Rb1+ 37. Kh2 c1=Q 38. Bxc1 Rxc1 39. Rxb5 Rc2 40. f3 Kf8 41.
Rxa5 Rc7 42. a4 f5 43. Ra8+ Ke7 44. Rg8 Kf6 45. Ra8 Bh6 46. a5 Be3 47. a6 Ra7
48. Rxa7 Bxa7 49. g3 Ke7 50. h4 Kd6 51. Bf7 e4 52. fxe4 fxe4 53. Bxg6 Kd5 54.
Bxh5 Kd4 55. Kg2 Ke3 56. Kf1 Kd2 57. Be2 e3 58. g4 Kc3 59. h5 1-0

[Event "AUTO-OPEN-1879"]
[Site "http://www.queenalice.com/game.php?id=731350"]
[Date "2010.2.13"]
[Round "1"]
[White "SiColl007"]
[Black "sandromm"]
[Result "0-1"]
[WhiteElo "1779"]
[BlackElo "1735"]

1. d4 Nf6 2. c4 d5 3. cxd5 Nxd5 4. e4 Nf6 5. e5 Nd5 6. Nf3 e6 7. Bc4 Bb4+ 8.
Nbd2 O-O 9. O-O Nc6 10. Ne4 a6 11. Nfg5 Nde7 12. Qh5 h6 13. Nf6+ gxf6 14. exf6
hxg5 15. fxe7 Bxe7 16. Bd3 f5 17. Qg6+ Kh8 18. f4 g4 19. Bd2 Rf7 20. d5 Rg7 21.
Qh6+ Rh7 22. Qg6 Qg8 23. Qxg8+ Kxg8 24. dxc6 bxc6 25. Rac1 Bb7 26. Bc4 Bc8 27.
Rfe1 Bc5+ 28. Kh1 Bf2 29. Re2 Bg3 30. Bxe6+ Bxe6 31. Rxe6 Rxh2+ 32. Kg1 Rd8 33.
Bc3 Bxf4 34. Rxc6 Rh7 35. Re1 Bh2+ 36. Kf2 g3+ 37. Kf3 Rd3+ 38. Re3 Rxe3+ 39.
Kxe3 Bg1+ 40. Kf4 Rf7 41. Rxa6 Bf2 42. Rf6 Rh7 43. Rxf5 Rh4+ 44. Kf3 c5 45. Rf4
Rh2 46. Rf5 Rh6 47. Rxc5 Bxc5 48. Kxg3 Rg6+ 49. Kf3 Kf7 50. a4 Ra6 51. b4 Be7
52. a5 Bf6 53. Be1 Ke6 54. g4 Kd5 55. Kf4 Kc4 56. g5 Bc3 57. Bf2 Bxb4 58. Bb6
Bd2+ 59. Kf5 Bxa5 60. Bxa5 Rxa5+ 61. Kg6 Kd4 62. Kh6 Ke5 63. g6 Kf6 64. g7 Ra8
65. Kh7 Kf7 66. Kh6 Rg8 67. Kg5 Rxg7+ 68. Kf5 Rg6 0-1

[Event "AUTO-OPEN-1879"]
[Site "http://www.queenalice.com/game.php?id=731363"]
[Date "2010.2.13"]
[Round "1"]
[White "filatelista"]
[Black "SiColl007"]
[Result "1-0"]
[WhiteElo "1879"]
[BlackElo "1761"]

1. d4 d5 2. e3 c5 3. c3 Nf6 4. h3 g6 5. Nf3 Bg7 6. Be2 O-O 7. O-O c4 8. b3 cxb3
9. axb3 Nc6 10. c4 Be6 11. c5 Qd7 12. Nc3 b6 13. cxb6 axb6 14. Rxa8 Rxa8 15. Bb5
h5 16. Ne5 1-0

[Event "AUTO-OPEN-1879"]
[Site "http://www.queenalice.com/game.php?id=731364"]
[Date "2010.2.13"]
[Round "1"]
[White "SiColl007"]
[Black "filatelista"]
[Result "0-1"]
[WhiteElo "1776"]
[BlackElo "1967"]

1. d4 d5 2. c4 c6 3. cxd5 cxd5 4. Nf3 h6 5. e3 a6 6. Bd3 Nc6 7. O-O Bg4 8. h3
Bd7 9. Nc3 e6 10. e4 dxe4 11. Bxe4 Nf6 12. Bb1 Be7 13. Ne5 O-O 14. Qd3 Nb4 15.
Qg3 Kh8 16. Ne4 Ba4 17. Nxf6 Bxf6 18. Ng6+ fxg6 19. Qxg6 Kg8 20. Bxh6 Qxd4 21.
Qh7+ Kf7 22. Bg6+ Ke7 23. Rad1 Bxd1 24. Bxg7 Bxg7 0-1

[Event "Challenge"]
[Site "http://www.queenalice.com/game.php?id=737592"]
[Date "2010.2.25"]
[Round "-"]
[White "babycrocket"]
[Black "SiColl007"]
[Result "1-0"]
[WhiteElo "1725"]
[BlackElo "1785"]

1. e4 c5 2. Nf3 g6 3. d3 d6 4. h3 Nf6 5. Be2 Nc6 6. c3 Bg7 7. Bg5 Qb6 8. Qc2 Be6
9. Nbd2 Nd7 10. a3 Nde5 11. O-O d5 12. exd5 Bxd5 13. b4 cxb4 14. axb4 O-O 15. c4
Bxf3 16. Nxf3 Nxf3+ 17. Bxf3 Bxa1 18. Rxa1 Nd4 19. Qc3 Nxf3+ 20. gxf3 Qe6 21.
Bh6 f6 22. Bxf8 Rxf8 23. Kg2 a6 24. Qe1 Qd6 25. c5 Qd7 26. Rc1 e5 27. Qc3 Rd8
28. f4 Qd5+ 29. Kh2 Qxd3 30. fxe5 Qxc3 31. Rxc3 f5 32. Kg3 Kf7 33. f4 Rd4 34.
Rb3 Rc4 35. Kf3 Ke6 36. Kg3 h6 37. h4 a5 38. bxa5 Rxc5 39. Rxb7 Rxa5 40. Rg7
Ra3+ 41. Kg2 Ra4 42. Rxg6+ Kf7 43. Rf6+ Kg7 44. Rxf5 Kg6 45. Rf6+ Kh5 46. Kf3
Ra3+ 47. Ke4 Ra4+ 48. Kf5 Ra5 49. Rd6 Ra7 50. e6 Kxh4 51. Kf6 h5 52. e7 Rxe7 53.
Kxe7 Kg4 54. Rh6 h4 55. f5 1-0